| 000 | 00543nam a2200169 4500 | ||
|---|---|---|---|
| 001 | 113218 | ||
| 003 | ES-MaACL | ||
| 005 | 20230906185812.0 | ||
| 007 | t| | ||
| 008 | 061121s1976 xxr r ||||1| spa d | ||
| 100 | 1 |
_aNikolski, V. V. _985742 |
|
| 245 | 1 | 0 |
_aElectrodinámica y propagación de ondas de radio / _cV. V. Nikolski ; traducción del ruso por Antonio Ballesteros Elías. |
| 260 |
_aMoscú : _bMir, _c1976. |
||
| 300 |
_a670 p. ; _c22 cm. |
||
| 700 | 1 |
_aBallesteros Elías, Antonio. _925054 |
|
| 852 |
_aES-MaACL _jL-9266 _bR.111137 |
||
| 999 |
_c113218 _d113218 |
||